Il nuoro /

Bewaard in:
Bibliografische gegevens
Hoofdauteur: De Santis, Rita (Auteur)
Formaat: Boek
Taal:Italiaans
Gepubliceerd in: Ventimiglia : CooperS, 1996
Reeks:Circolo Pickwick ; 2
Tags: Voeg label toe
Geen labels, Wees de eerste die dit record labelt!

MARC

LEADER 00000nam a22000007i 4500
001 IT\ICCU\RAV\0287600
003 ItRI
005 20260216105947.0
008 970130s1996 it |||||| ||||| |||||c
040 |b ita  |c C 
041 7 |a ita  |2 ISO-639-2 
100 1 |a De Santis, Rita  |0 IT\ICCU\RAVV\099128  |4 aut 
245 1 3 |a Il nuoro /  |c Rita De Santis. 
260 |a Ventimiglia :  |b CooperS,  |c 1996 
300 |a 166 p. ;  |c 18 cm. 
830 0 |a Circolo Pickwick ;  |v 2  |0 IT\ICCU\RAV\0287601 
942 |2 ddc  |c BK 
952 |0 0  |1 0  |2 ddc  |4 0  |6 853_914000000000000_DES_NUO  |7 0  |9 86  |a GE  |b GE  |d 2015-11-25  |l 0  |o 853.914 DES NUO  |p 2571  |r 2023-11-04 23:31:00  |w 2023-11-04  |y BK 
952 |0 0  |1 0  |2 ddc  |4 0  |6 853_914000000000000_DES_NUO  |7 0  |9 470  |a AN  |b AN  |d 2023-12-17  |l 0  |o 853.914 DES NUO  |p 5081  |r 2023-12-17 12:35:00  |w 2023-12-17  |x COPIA AUTOGRAFATA DALL'AUTRICE  |y BK 
952 |0 0  |1 0  |2 ddc  |4 0  |6 B_LNR02DESRINUO11  |7 0  |9 7051  |a MI  |b MI  |d 2009-09-09  |i 5598  |l 0  |o B-LNR02-DESRI-NUO11  |p CDOM5598  |r 2025-07-13 16:28:29  |w 2025-07-13  |x DONO  |y BK 
952 |0 0  |1 0  |2 ddc  |4 0  |6 853_914000000000000_DES_NUO  |7 0  |9 9461  |a VT  |b VT  |d 2025-08-05  |e Donazione Maurizio Gregorini  |i B163  |l 0  |o 853.914 DES NUO  |p B163  |r 2025-08-05 17:16:35  |w 2025-08-05  |y BK 
952 |0 0  |1 0  |4 0  |6 DOC_853_914000000000000_DES  |7 0  |9 24640  |a BO  |b BO  |d 2026-01-15  |i 10772  |l 0  |o DOC 853.914 DES  |p BO10772  |r 2026-01-15 23:23:41  |w 2026-01-15  |x [Sebina 5] [1 v.]  |y BK  |z 1 v. 
952 |0 0  |1 0  |4 0  |6 DOC_853_914000000000000_DES  |7 0  |9 24641  |a BO  |b BO  |d 2026-01-15  |i 5091  |l 0  |o DOC 853.914 DES  |p BO5091  |r 2026-01-15 23:23:41  |w 2026-01-15  |x [Sebina 5] [1 v.]  |y BK  |z 1 v. 
952 |0 0  |1 0  |4 0  |6 DOC_853_914000000000000_DES  |7 0  |9 24642  |a BO  |b BO  |d 2026-01-15  |i 10913  |l 0  |o DOC 853.914 DES  |p BO10913  |r 2026-01-15 23:23:41  |w 2026-01-15  |x [Sebina 5] [1 v.]  |y BK  |z 1 v. 
999 |c 382  |d 382